Penyiasat remaja

Bibliographic Details
Main Author: Afiq Hamzah
Format: Book
Published: Subang Jaya : Penerbitan Pimpinan , 2020
Series:Siri kematangan
Subjects:

MARC

LEADER 00000cam a2200000 7i4500
001 0000278136
005 20210121093754.0
020 |a 9789672255307 
090 0 0 |a JF   |b AFI 
100 0 |a Afiq Hamzah 
245 1 0 |a Penyiasat remaja   |c Afiq Hamzah 
260 |a Subang Jaya :   |b Penerbitan Pimpinan ,   |c 2020 
300 |a 77p. :   |b ill. ;   |c 20cm. 
490 0 |a Siri kematangan 
650 0 |a Children's stories, Malay 
999 |a 00384780   |b BUKU   |c PINJAMAN   |e PERPUSTAKAAN KOMUNITI PETALING JAYA